000
00339nam a22001457a 4500
008
230201b |||||||| |||| 00| 0 eng d
020
_a
0515129976
082
_a
FIC 813.54 FRA
100
_a
Francis, Dick.
245
_a
Trial Run
260
_a
New York:
_b
Berkley;
_c
1978.
300
_a
260 p :
_c
17 cm
650
_a
Fiction
942
_2
ddc
999
_c
9263
_d
9264